1303 1942 1174 1309 1224 1123 1589 1380 1292 1846 1078 1717 1151 1608 1328 1587 1730 1299 1554 1308 1881 1878 1154 1022 1717 1120 1030 1894 1423 1363 1263 1383 1477 1898 1291 1810 1637 1642 1946 1236 1533 1458 1195 1746 1854 1370 1058 1110 1436 1567 1213 1900 1065 1641 1206 1674 1235 1302 1484 1049 1156 1454 1172 1750 1572 1336 1694 1636 1777 1770 1154 1722 1576 1821 1071 1396 1289 1442 1414 1070 1509 1772 1643 1963 1685 1402 1176 1229 1148 1812 1920 1448 1058 1670 1083 1458 1147 1796 1637 BCNSPRNW ULIB Ver.6.0+V

เปลี่ยนเป็นภาษาไทย

Change to English
 แสดงรายละเอียดบรรณานุกรม
  กลับหน้าหลัก

Brief Record : Get Marc (ISO 2709) : E-mail record : QR code < ปิดหน้าต่าง
LEADER : 00000nam 2200000uu 4500
001    13399127642
003     ULIB
008    210311s2562||||th 000 0 tha d
020 ^  ^a9786160036257
050 ^  ^aนว^bท165ส
100 0  ^aทรายชมพู.
245 1  ^aเสน่ห์ร้ายเพทุบายรัก /^cทรายชมพู.
250 ^  ^aพิมพ์ครั้งที่ 1.
260 ^  ^aกรุงเทพฯ :^bSugar Beat,^c2562.
300 ^  ^a504 หน้า ;^c21 ซม.
650 ^  ^aนวนิยายไทย.
945    ^p350^l0^i007991
999    ^aประนอม เกษจรัล
รายการนี้ยังไม่มีแท็ก
คุณยังไม่ได้ล็อกอิน คุณสามารถมีกิจกรรมร่วมกับเว็บไซต์ได้ แต่ต้องล็อกอินก่อน ::
  ล็อกอิน

รายการสื่อสารสนเทศ

ลำดับที่ ประเภท เลขเรียก/บาร์โค้ด สถานที่ สถานะ
1. นวนิยาย
นวนิยาย
นว ท165ส ฉ.1 
  Barcode: 007991
ห้องสมุดวิทยาเขตสวรรค์ประชารักษ์
►หนังสือทั่วไป
บนชั้น

รายการใกล้เคียง
    ผู้แต่ง [ทรายชมพู.]

    หัวเรื่อง [นวนิยายไทย.]

BibComment


ยังไม่เคยถูกคอมเมนท์

คอมเมนท์ทรัพยากรรายการนี้
  คอมเมนท์: เสน่ห์ร้ายเพทุบา..


 Copyright 2026. Bcnsprnw @Library